[Event "DEM U8 2025"]
[Site "Willingen GER"]
[Date "2025.06.12"]
[Round "4"]
[White "Derr, Georg"]
[Black "Ju, Eric Zirui"]
[Result "0-1"]
[Termination "normal"]
[Board "1"]
[WhiteElo "1586"]
[BlackElo "1563"]
[WhiteClock "00:50:33"]
[BlackClock "00:29:15"]
[PlyCount "112"]
[WhiteFideId "533010501"]
[BlackFideId "533011192"]
[EventCountry "GER"]
[EventRounds "7"]
[EventType "swiss"]
[EventDate "2025.06.10"]

1. e4 {[%clk 01:00:28]} e5 {[%clk 01:00:26]} {[%emt 00:00:05]} 2. Nf3 {[%clk
01:00:39]} {[%emt 00:00:04]} Nc6 {[%clk 01:00:35]} {[%emt 00:00:06]} 3. Bc4
{[%clk 01:00:41]} {[%emt 00:00:12]} Nf6 {[%clk 01:00:46]} {[%emt 00:00:04]} 4.
Ng5 {[%clk 01:00:45]} {[%emt 00:00:11]} d5 {[%clk 01:00:54]} {[%emt 00:00:07]}
5. exd5 {[%clk 01:00:50]} {[%emt 00:00:10]} Na5 {[%clk 01:01:04]} {[%emt
00:00:06]} 6. Bb5+ {[%clk 01:00:57]} {[%emt 00:00:07]} c6 {[%clk 01:01:12]}
{[%emt 00:00:08]} 7. dxc6 {[%clk 01:00:59]} {[%emt 00:00:13]} bxc6 {[%clk
01:01:20]} {[%emt 00:00:08]} 8. Bd3 {[%clk 01:01:06]} {[%emt 00:00:06]} Nd5
{[%clk 01:01:16]} {[%emt 00:00:20]} 9. Ne4 {[%clk 00:57:06]} {[%emt 00:04:14]}
Be6 {[%clk 00:58:40]} {[%emt 00:02:51]} 10. Ng3 {[%clk 00:57:05]} {[%emt
00:00:15]} Nf4 {[%clk 00:56:38]} {[%emt 00:02:18]} 11. Bf5 {[%clk 00:56:28]}
{[%emt 00:00:46]} Bxf5 {[%clk 00:55:00]} {[%emt 00:01:59]} 12. Nxf5 {[%clk
00:56:24]} {[%emt 00:00:19]} Nxg2+ {[%clk 00:54:59]} {[%emt 00:00:16]} 13. Kf1
{[%clk 00:56:18]} {[%emt 00:00:21]} Qd5 {[%clk 00:53:47]} {[%emt 00:01:27]} 14.
Rg1 {[%clk 00:56:08]} {[%emt 00:00:23]} Nf4 {[%clk 00:52:38]} {[%emt 00:01:26]}
15. Nc3 {[%clk 00:55:03]} {[%emt 00:01:19]} Qd7 {[%clk 00:51:48]} {[%emt
00:01:07]} 16. Ne3 {[%clk 00:54:46]} {[%emt 00:00:21]} Qh3+ {[%clk 00:48:13]}
{[%emt 00:04:01]} 17. Ng2 {[%clk 00:54:31]} {[%emt 00:00:29]} Qxh2 {[%clk
00:45:41]} {[%emt 00:02:47]} 18. d4 {[%clk 00:53:58]} {[%emt 00:00:48]} Nh3
{[%clk 00:44:35]} {[%emt 00:01:21]} 19. Ne2 {[%clk 00:53:15]} {[%emt 00:00:56]}
Rd8 {[%clk 00:39:43]} {[%emt 00:05:08]} 20. c3 {[%clk 00:53:09]} {[%emt
00:00:20]} Rd6 {[%clk 00:38:08]} {[%emt 00:01:53]} 21. Qa4 {[%clk 00:52:48]}
{[%emt 00:00:28]} Nxg1 {[%emt 00:00:48]} 22. Nxg1 {[%emt 00:00:19]} Rg6 {[%clk
00:36:58]} {[%emt 00:00:25]} 23. Qxa5 {[%clk 00:52:13]} {[%emt 00:00:49]} Rxg2
{[%clk 00:35:31]} {[%emt 00:01:43]} 24. Qxe5+ {[%clk 00:51:58]} {[%emt
00:00:30]} Qxe5 {[%clk 00:35:40]} {[%emt 00:00:07]} 25. dxe5 {[%clk 00:52:06]}
{[%emt 00:00:07]} Rg6 {[%clk 00:35:05]} {[%emt 00:00:50]} 26. Be3 {[%clk
00:52:10]} {[%emt 00:00:11]} a6 {[%clk 00:34:49]} {[%emt 00:00:30]} 27. Rd1
{[%clk 00:51:59]} {[%emt 00:00:24]} h5 {[%clk 00:34:47]} {[%emt 00:00:19]} 28.
Nf3 {[%clk 00:51:37]} {[%emt 00:00:36]} h4 {[%clk 00:34:15]} {[%emt 00:00:49]}
29. Ke2 {[%clk 00:51:45]} {[%emt 00:00:06]} Be7 {[%clk 00:33:53]} {[%emt
00:00:38]} 30. Nd4 {[%clk 00:51:41]} {[%emt 00:00:18]} h3 {[%clk 00:33:16]}
{[%emt 00:00:53]} 31. Rh1 {[%clk 00:51:25]} {[%emt 00:00:29]} Bc5 {[%clk
00:32:19]} {[%emt 00:01:14]} 32. Nf5 {[%clk 00:51:16]} {[%emt 00:00:22]} Bxe3
{[%clk 00:31:22]} {[%emt 00:01:13]} 33. Nxe3 {[%clk 00:50:52]} {[%emt
00:00:39]} h2 {[%clk 00:31:08]} {[%emt 00:00:30]} 34. Nf1 {[%clk 00:50:40]}
{[%emt 00:00:24]} Rg5 {[%clk 00:30:41]} {[%emt 00:00:44]} 35. f4 {[%clk
00:50:17]} {[%emt 00:00:39]} Rg2+ {[%clk 00:30:43]} {[%emt 00:00:13]} 36. Kf3
{[%clk 00:50:21]} {[%emt 00:00:10]} Rxb2 {[%clk 00:30:51]} {[%emt 00:00:06]}
37. c4 {[%clk 00:50:32]} {[%emt 00:00:06]} Rxa2 {[%clk 00:30:49]} {[%emt
00:00:27]} 38. Kg3 {[%clk 00:50:39]} {[%emt 00:00:07]} Rc2 {[%clk 00:30:21]}
{[%emt 00:00:43]} 39. Ne3 {[%clk 00:50:44]} {[%emt 00:00:08]} Rc3 {[%clk
00:30:20]} {[%emt 00:00:17]} 40. Kf2 {[%clk 00:50:19]} {[%emt 00:00:40]} Rh3
{[%clk 00:30:16]} {[%emt 00:00:19]} 41. Ng4 {[%clk 00:50:22]} {[%emt 00:00:12]}
Rc2+ {[%clk 00:29:39]} {[%emt 00:00:53]} 42. Kf1 {[%clk 00:50:30]} {[%emt
00:00:06]} Ra3 {[%clk 00:29:34]} {[%emt 00:00:21]} 43. Nf2 {[%clk 00:50:09]}
{[%emt 00:00:36]} Ra1+ {[%clk 00:29:29]} {[%emt 00:00:20]} 44. Kg2 {[%clk
00:50:19]} {[%emt 00:00:05]} Raa2 {[%clk 00:29:34]} {[%emt 00:00:10]} 45. Rf1
{[%clk 00:49:54]} {[%emt 00:00:39]} h1=Q+ {[%clk 00:29:42]} {[%emt 00:00:07]}
46. Rxh1 {[%clk 00:50:02]} {[%emt 00:00:07]} Rxf2+ {[%clk 00:29:40]} {[%emt
00:00:18]} 47. Kg3 {[%clk 00:50:11]} {[%emt 00:00:06]} Rfc2 {[%clk 00:29:37]}
{[%emt 00:00:18]} 48. Rh8+ {[%clk 00:50:13]} {[%emt 00:00:12]} Ke7 {[%clk
00:29:37]} {[%emt 00:00:16]} 49. Rh7 {[%clk 00:50:22]} {[%emt 00:00:05]} a5
{[%clk 00:29:42]} {[%emt 00:00:12]} 50. Kf3 {[%clk 00:50:24]} {[%emt 00:00:10]}
g6 {[%clk 00:29:28]} {[%emt 00:00:30]} 51. Rh1 {[%clk 00:50:31]} {[%emt
00:00:07]} a4 {[%clk 00:29:30]} {[%emt 00:00:16]} 52. Rb1 {[%clk 00:50:38]}
{[%emt 00:00:05]} Rxc4 {[%clk 00:29:16]} {[%emt 00:00:31]} 53. Rb7+ {[%clk
00:50:39]} {[%emt 00:00:13]} Ke6 {[%clk 00:29:20]} {[%emt 00:00:11]} 54. Rb8
{[%clk 00:50:39]} {[%emt 00:00:15]} c5 {[%clk 00:29:13]} {[%emt 00:00:22]} 55.
Re8+ {[%clk 00:50:46]} {[%emt 00:00:08]} Kf5 {[%clk 00:29:15]} {[%emt
00:00:14]} 56. Rf8 {[%clk 00:50:33]} {[%emt 00:00:27]} Rc3# {[%emt 00:00:46]}
0-1

[Event "DEM U8 2025"]
[Site "Willingen GER"]
[Date "2025.06.12"]
[Round "4"]
[White "Subenko, Alexander"]
[Black "Qiu, Caspar"]
[Result "1-0"]
[Termination "normal"]
[Board "2"]
[WhiteElo "1714"]
[BlackElo "1289"]
[WhiteClock "00:17:35"]
[BlackClock "00:43:05"]
[PlyCount "119"]
[WhiteFideId "533017077"]
[BlackFideId "34697691"]
[EventCountry "GER"]
[EventRounds "7"]
[EventType "swiss"]
[EventDate "2025.06.10"]

1. e4 {[%clk 01:00:29]} c5 {[%clk 01:00:30]} {[%emt 00:00:01]} 2. Nf3 {[%clk
01:00:35]} {[%emt 00:00:09]} Nc6 {[%clk 01:00:39]} {[%emt 00:00:06]} 3. Bc4
{[%clk 01:00:42]} {[%emt 00:00:08]} d6 {[%clk 01:00:42]} {[%emt 00:00:12]} 4.
O-O {[%clk 01:00:21]} {[%emt 00:00:36]} Nf6 {[%clk 01:00:51]} {[%emt 00:00:05]}
5. d3 {[%clk 01:00:22]} {[%emt 00:00:13]} g6 {[%clk 01:01:01]} {[%emt
00:00:06]} 6. Nc3 {[%clk 00:59:49]} {[%emt 00:00:49]} Bg7 {[%clk 01:01:10]}
{[%emt 00:00:05]} 7. Bd2 {[%clk 00:59:56]} {[%emt 00:00:07]} O-O {[%clk
01:01:15]} {[%emt 00:00:11]} 8. h3 {[%clk 00:59:09]} {[%emt 00:01:02]} Bd7
{[%clk 01:01:24]} {[%emt 00:00:05]} 9. Qe2 {[%clk 00:58:56]} {[%emt 00:00:28]}
a6 {[%emt 00:00:34]} 10. a3 {[%clk 00:58:48]} {[%emt 00:00:22]} b5 {[%clk
01:01:06]} {[%emt 00:00:16]} 11. Bb3 {[%clk 00:58:33]} {[%emt 00:00:30]} Qc7
{[%clk 00:59:43]} {[%emt 00:01:37]} 12. Rab1 {[%clk 00:56:13]} {[%emt
00:02:37]} Rab8 {[%clk 00:58:31]} {[%emt 00:01:27]} 13. Nd5 {[%clk 00:51:37]}
{[%emt 00:04:50]} Qd8 {[%clk 00:56:41]} {[%emt 00:02:05]} 14. Bc3 {[%clk
00:47:03]} {[%emt 00:04:48]} Ne8 {[%clk 00:55:37]} {[%emt 00:01:19]} 15. Bxg7
{[%clk 00:44:23]} {[%emt 00:02:55]} Nxg7 {[%clk 00:55:46]} {[%emt 00:00:06]}
16. e5 {[%clk 00:42:55]} {[%emt 00:01:43]} dxe5 {[%clk 00:54:59]} {[%emt
00:01:03]} 17. Nxe5 {[%clk 00:42:35]} {[%emt 00:00:35]} Nd4 {[%clk 00:55:08]}
{[%emt 00:00:06]} 18. Qe4 {[%clk 00:40:19]} {[%emt 00:02:31]} Bf5 {[%clk
00:54:19]} {[%emt 00:01:03]} 19. Qe1 {[%clk 00:30:57]} {[%emt 00:09:38]} Nxb3
{[%clk 00:48:58]} {[%emt 00:05:36]} 20. Nc6 {[%clk 00:30:50]} {[%emt 00:00:22]}
Qd6 {[%clk 00:48:20]} {[%emt 00:00:54]} 21. Ndxe7+ {[%clk 00:29:42]} {[%emt
00:01:22]} Kh8 {[%clk 00:48:22]} {[%emt 00:00:12]} 22. Nxb8 {[%clk 00:29:12]}
{[%emt 00:00:45]} Rxb8 {[%clk 00:47:49]} {[%emt 00:00:48]} 23. Nxf5 {[%clk
00:28:33]} {[%emt 00:00:55]} Nxf5 {[%clk 00:47:58]} {[%emt 00:00:06]} 24. cxb3
{[%clk 00:28:33]} {[%emt 00:00:15]} Nh4 {[%clk 00:47:20]} {[%emt 00:00:53]} 25.
Qe4 {[%clk 00:25:58]} {[%emt 00:02:46]} Nf5 {[%clk 00:47:12]} {[%emt 00:00:26]}
26. Rfe1 {[%clk 00:25:07]} {[%emt 00:01:06]} Rd8 {[%clk 00:47:07]} {[%emt
00:00:21]} 27. Qe5+ {[%clk 00:25:03]} {[%emt 00:00:19]} Qxe5 {[%clk 00:47:12]}
{[%emt 00:00:10]} 28. Rxe5 {[%clk 00:25:10]} {[%emt 00:00:07]} Rxd3 {[%clk
00:47:22]} {[%emt 00:00:07]} 29. Rxc5 {[%clk 00:25:09]} {[%emt 00:00:15]} Rxb3
{[%clk 00:47:28]} {[%emt 00:00:09]} 30. Rc8+ {[%clk 00:25:12]} {[%emt
00:00:13]} Kg7 {[%clk 00:47:36]} {[%emt 00:00:06]} 31. Ra8 {[%clk 00:25:20]}
{[%emt 00:00:07]} Nd6 {[%clk 00:47:28]} {[%emt 00:00:24]} 32. Rxa6 {[%clk
00:25:27]} {[%emt 00:00:07]} Nc4 {[%clk 00:47:39]} {[%emt 00:00:04]} 33. Rc6
{[%clk 00:24:36]} {[%emt 00:01:06]} Nd2 {[%clk 00:47:23]} {[%emt 00:00:31]} 34.
Rd1 {[%clk 00:24:41]} {[%emt 00:00:09]} Rxb2 {[%clk 00:47:30]} {[%emt
00:00:08]} 35. Rb6 {[%clk 00:24:01]} {[%emt 00:00:56]} Nc4 {[%clk 00:47:31]}
{[%emt 00:00:13]} 36. Ra6 {[%clk 00:23:44]} {[%emt 00:00:33]} Rb3 {[%clk
00:47:05]} {[%emt 00:00:41]} 37. a4 {[%clk 00:21:53]} {[%emt 00:02:07]} bxa4
{[%clk 00:46:40]} {[%emt 00:00:39]} 38. Rc1 {[%clk 00:20:55]} {[%emt 00:01:14]}
Rb4 {[%clk 00:46:28]} {[%emt 00:00:26]} 39. Kf1 {[%clk 00:20:28]} {[%emt
00:00:41]} a3 {[%clk 00:45:13]} {[%emt 00:01:31]} 40. Ke1 {[%clk 00:19:30]}
{[%emt 00:01:14]} Kh6 {[%clk 00:44:05]} {[%emt 00:01:22]} 41. Kd1 {[%clk
00:18:14]} {[%emt 00:01:30]} Kg7 {[%clk 00:43:26]} {[%emt 00:00:55]} 42. Kc2
{[%clk 00:17:27]} {[%emt 00:01:03]} Rb2+ {[%clk 00:43:30]} {[%emt 00:00:10]}
43. Kc3 {[%clk 00:17:32]} {[%emt 00:00:09]} a2 {[%clk 00:43:30]} {[%emt
00:00:16]} 44. Ra1 {[%clk 00:16:59]} {[%emt 00:00:48]} Rxf2 {[%clk 00:43:28]}
{[%emt 00:00:17]} 45. Kxc4 {[%clk 00:17:07]} {[%emt 00:00:07]} Rxg2 {[%clk
00:43:35]} {[%emt 00:00:07]} 46. R1xa2 {[%clk 00:17:11]} {[%emt 00:00:11]} Rxa2
{[%clk 00:43:11]} {[%emt 00:00:40]} 47. Rxa2 {[%clk 00:17:21]} {[%emt
00:00:05]} f5 {[%clk 00:43:21]} {[%emt 00:00:04]} 48. Kd4 {[%clk 00:17:28]}
{[%emt 00:00:09]} Kf6 {[%clk 00:43:23]} {[%emt 00:00:12]} 49. Rg2 {[%clk
00:17:26]} {[%emt 00:00:19]} g5 {[%clk 00:43:06]} {[%emt 00:00:30]} 50. Kd5
{[%clk 00:17:09]} {[%emt 00:00:33]} h5 {[%clk 00:42:54]} {[%emt 00:00:26]} 51.
Kd6 {[%clk 00:17:14]} {[%emt 00:00:11]} g4 {[%clk 00:42:55]} {[%emt 00:00:14]}
52. h4 {[%clk 00:17:24]} {[%emt 00:00:05]} f4 {[%clk 00:42:59]} {[%emt
00:00:11]} 53. Kd5 {[%clk 00:17:33]} {[%emt 00:00:06]} Kf5 {[%clk 00:42:52]}
{[%emt 00:00:22]} 54. Kd4 {[%clk 00:17:36]} {[%emt 00:00:12]} f3 {[%clk
00:42:59]} {[%emt 00:00:07]} 55. Rg1 {[%clk 00:17:41]} {[%emt 00:00:11]} f2
{[%emt 00:00:20]} 56. Rf1 {[%clk 00:17:48]} {[%emt 00:00:07]} g3 {[%clk
00:43:05]} {[%emt 00:00:05]} 57. Ke3 {[%clk 00:17:50]} {[%emt 00:00:12]} Kg4
{[%clk 00:43:10]} {[%emt 00:00:10]} 58. Ra1 {[%clk 00:17:20]} {[%emt 00:00:46]}
Kxh4 {[%clk 00:43:10]} {[%emt 00:00:15]} 59. Kf3 {[%clk 00:17:26]} {[%emt
00:00:09]} Kg5 {[%clk 00:43:05]} {[%emt 00:00:19]} 60. Kxg3 {[%clk 00:17:35]}
{[%emt 00:00:06]} 1-0

[Event "DEM U8 2025"]
[Site "Willingen GER"]
[Date "2025.06.12"]
[Round "4"]
[White "Lehner, Hendrik Elias"]
[Black "Zargaran, Paya"]
[Result "0-1"]
[Termination "normal"]
[Board "3"]
[WhiteElo "1245"]
[BlackElo "1519"]
[WhiteClock "00:49:19"]
[BlackClock "01:00:15"]
[PlyCount "84"]
[WhiteFideId "533035148"]
[BlackFideId "34681736"]
[EventCountry "GER"]
[EventRounds "7"]
[EventType "swiss"]
[EventDate "2025.06.10"]

1. d4 {[%clk 01:00:26]} {[%emt 00:00:04]} Nf6 {[%clk 01:00:27]} {[%emt
00:00:17]} 2. Nf3 {[%clk 01:00:35]} {[%emt 00:00:07]} g6 {[%clk 01:00:23]}
{[%emt 00:00:19]} 3. c4 {[%clk 01:00:45]} {[%emt 00:00:05]} Bg7 {[%clk
01:00:32]} {[%emt 00:00:06]} 4. Nc3 {[%clk 01:00:53]} {[%emt 00:00:07]} d5
{[%clk 01:00:45]} {[%emt 00:00:02]} 5. Bf4 {[%clk 01:00:52]} {[%emt 00:00:15]}
O-O {[%emt 00:00:26]} 6. e3 {[%emt 00:00:11]} c5 {[%clk 01:00:03]} {[%emt
00:00:21]} 7. dxc5 {[%clk 01:00:14]} {[%emt 00:00:53]} Qa5 {[%clk 00:59:03]}
{[%emt 00:01:11]} 8. Be2 {[%clk 01:00:01]} {[%emt 00:00:32]} Ne4 {[%clk
00:58:13]} {[%emt 00:01:05]} 9. Be5 {[%clk 00:58:55]} {[%emt 00:01:20]} Nxc3
{[%clk 00:57:32]} {[%emt 00:00:56]} 10. Bxc3 {[%clk 00:58:58]} {[%emt
00:00:13]} Bxc3+ {[%clk 00:57:16]} {[%emt 00:00:31]} 11. bxc3 {[%clk 00:59:07]}
{[%emt 00:00:05]} Qxc3+ {[%clk 00:57:13]} {[%emt 00:00:17]} 12. Nd2 {[%clk
00:59:21]} {[%emt 00:00:03]} dxc4 {[%clk 00:56:32]} {[%emt 00:00:55]} 13. Rc1
{[%clk 00:58:01]} {[%emt 00:01:34]} Qa5 {[%clk 00:55:52]} {[%emt 00:00:47]} 14.
Bxc4 {[%clk 00:57:55]} {[%emt 00:00:31]} Rd8 {[%clk 00:54:53]} {[%emt
00:01:03]} 15. Rc2 {[%clk 00:57:40]} {[%emt 00:00:40]} Bf5 {[%clk 00:54:31]}
{[%emt 00:00:35]} 16. Rb2 {[%clk 00:57:20]} {[%emt 00:00:38]} Qxc5 {[%clk
00:52:41]} {[%emt 00:02:04]} 17. Rxb7 {[%clk 00:56:19]} {[%emt 00:01:17]} Nc6
{[%clk 00:50:05]} {[%emt 00:02:51]} 18. Rb5 {[%clk 00:55:46]} {[%emt 00:00:47]}
Qd6 {[%clk 00:48:50]} {[%emt 00:01:29]} 19. Rd5 {[%clk 00:53:58]} {[%emt
00:01:43]} Qb4 {[%clk 00:48:00]} {[%emt 00:01:18]} 20. Rb5 {[%clk 00:53:24]}
{[%emt 00:00:57]} Qc3 {[%clk 00:47:43]} {[%emt 00:00:30]} 21. Rb3 {[%clk
00:53:01]} {[%emt 00:00:40]} Qf6 {[%clk 00:46:42]} {[%emt 00:01:12]} 22. O-O
{[%clk 00:52:57]} {[%emt 00:00:22]} Na5 {[%clk 00:46:16]} {[%emt 00:00:40]} 23.
Rb4 {[%clk 00:52:42]} {[%emt 00:00:33]} Qd6 {[%clk 00:45:04]} {[%emt 00:01:20]}
24. g4 {[%clk 00:51:17]} {[%emt 00:01:46]} Qxb4 {[%clk 00:44:37]} {[%emt
00:00:42]} 25. Qf3 {[%clk 00:50:37]} {[%emt 00:00:55]} Nxc4 {[%clk 00:44:11]}
{[%emt 00:00:42]} 26. Nxc4 {[%clk 00:49:29]} {[%emt 00:01:22]} Qxc4 {[%clk
00:43:40]} {[%emt 00:00:46]} 27. gxf5 {[%clk 00:49:22]} {[%emt 00:00:24]} gxf5
{[%clk 00:43:02]} {[%emt 00:00:52]} 28. Qh3 {[%clk 00:48:54]} {[%emt 00:00:31]}
Qg4+ {[%clk 00:43:10]} {[%emt 00:00:19]} 29. Qxg4+ {[%clk 00:48:54]} {[%emt
00:00:14]} fxg4 {[%clk 00:43:15]} {[%emt 00:00:10]} 30. Kh1 {[%clk 00:49:02]}
{[%emt 00:00:08]} Rd2 {[%clk 00:43:14]} {[%emt 00:00:16]} 31. Rg1 {[%clk
00:49:13]} {[%emt 00:00:04]} h5 {[%clk 00:43:06]} {[%emt 00:00:21]} 32. a4
{[%clk 00:49:24]} {[%emt 00:00:06]} Rxf2 {[%clk 00:42:59]} {[%emt 00:00:21]}
33. h3 {[%clk 00:49:33]} {[%emt 00:00:06]} f5 {[%clk 00:42:37]} {[%emt
00:00:37]} 34. a5 {[%clk 00:49:41]} {[%emt 00:00:07]} Rf3 {[%clk 00:42:23]}
{[%emt 00:00:28]} 35. hxg4 {[%clk 00:49:43]} {[%emt 00:00:13]} hxg4 {[%clk
00:42:12]} {[%emt 00:00:27]} 36. a6 {[%clk 00:49:50]} {[%emt 00:00:09]} Rf2
{[%clk 00:41:35]} {[%emt 00:00:51]} 37. e4 {[%clk 00:49:58]} {[%emt 00:00:08]}
Kg7 {[%clk 00:41:39]} {[%emt 00:00:10]} 38. Rb1 {[%clk 00:49:49]} {[%emt
00:00:24]} f4 {[%clk 00:40:15]} {[%emt 00:01:39]} 39. e5 {[%clk 00:49:57]}
{[%emt 00:00:08]} f3 {[%clk 00:39:38]} {[%emt 00:00:51]} 40. e6 {[%clk
00:49:29]} {[%emt 00:00:43]} Rh8+ {[%clk 00:39:09]} {[%emt 00:00:44]} 41. Kg1
{[%clk 00:49:05]} {[%emt 00:00:40]} Rg2+ {[%clk 00:39:20]} {[%emt 00:00:03]}
42. Kf1 {[%clk 00:49:19]} {[%emt 00:00:02]} Rh1# {[%clk 01:00:15]} {[%emt
00:00:13]} 0-1

[Event "DEM U8 2025"]
[Site "Willingen GER"]
[Date "2025.06.12"]
[Round "4"]
[White "Kovacs, David"]
[Black "Dold, Emil"]
[Result "1-0"]
[Termination "normal"]
[Board "4"]
[WhiteElo "1358"]
[BlackElo "1245"]
[WhiteClock "00:37:41"]
[BlackClock "00:49:09"]
[PlyCount "65"]
[WhiteFideId "533004005"]
[EventCountry "GER"]
[EventRounds "7"]
[EventType "swiss"]
[EventDate "2025.06.10"]

1. e4 {[%clk 01:00:28]} {[%emt 00:00:01]} c5 {[%clk 01:00:24]} {[%emt
00:00:07]} 2. Nf3 {[%clk 01:00:38]} {[%emt 00:00:05]} d6 {[%clk 01:00:24]}
{[%emt 00:00:14]} 3. d4 {[%clk 01:00:46]} {[%emt 00:00:07]} cxd4 {[%clk
01:00:31]} {[%emt 00:00:09]} 4. Nxd4 {[%clk 01:00:56]} {[%emt 00:00:05]} Nf6
{[%clk 01:00:27]} {[%emt 00:00:20]} 5. Nc3 {[%clk 01:01:03]} {[%emt 00:00:07]}
a6 {[%clk 01:00:32]} {[%emt 00:00:10]} 6. Be2 {[%clk 01:00:50]} {[%emt
00:00:27]} e5 {[%clk 01:00:29]} {[%emt 00:00:18]} 7. Nf3 {[%clk 01:01:00]}
{[%emt 00:00:07]} Be6 {[%clk 01:00:34]} {[%emt 00:00:09]} 8. O-O {[%clk
01:00:57]} {[%emt 00:00:18]} Be7 {[%clk 01:00:40]} {[%emt 00:00:09]} 9. Be3
{[%clk 01:00:43]} {[%emt 00:00:29]} O-O {[%clk 01:00:45]} {[%emt 00:00:10]} 10.
Qd2 {[%clk 01:00:15]} {[%emt 00:00:43]} Nc6 {[%clk 01:00:47]} {[%emt 00:00:13]}
11. Rad1 {[%clk 01:00:05]} {[%emt 00:00:24]} Rc8 {[%clk 01:00:36]} {[%emt
00:00:27]} 12. Rfe1 {[%clk 00:58:48]} {[%emt 00:01:32]} Re8 {[%clk 01:00:38]}
{[%emt 00:00:13]} 13. Qd3 {[%clk 00:57:58]} {[%emt 00:01:04]} Ng4 {[%clk
00:59:00]} {[%emt 00:01:53]} 14. Nd5 {[%clk 00:57:00]} {[%emt 00:01:13]} Bxd5
{[%clk 00:58:50]} {[%emt 00:00:25]} 15. exd5 {[%clk 00:56:37]} {[%emt
00:00:38]} Nxe3 {[%clk 00:58:11]} {[%emt 00:00:54]} 16. Qxe3 {[%clk 00:56:33]}
{[%emt 00:00:19]} Nd4 {[%clk 00:57:25]} {[%emt 00:01:01]} 17. Nxd4 {[%clk
00:53:04]} {[%emt 00:03:45]} exd4 {[%clk 00:57:27]} {[%emt 00:00:13]} 18. Qb3
{[%clk 00:53:01]} {[%emt 00:00:19]} Bh4 {[%clk 00:57:14]} {[%emt 00:00:26]} 19.
Bf3 {[%clk 00:50:31]} {[%emt 00:02:45]} Rxe1+ {[%clk 00:56:55]} {[%emt
00:00:33]} 20. Rxe1 {[%clk 00:50:42]} {[%emt 00:00:06]} Qa5 {[%clk 00:56:30]}
{[%emt 00:00:41]} 21. Rd1 {[%clk 00:49:28]} {[%emt 00:01:28]} Re8 {[%clk
00:56:23]} {[%emt 00:00:21]} 22. g3 {[%clk 00:47:53]} {[%emt 00:01:51]} Bg5
{[%clk 00:56:04]} {[%emt 00:00:33]} 23. Rxd4 {[%clk 00:46:15]} {[%emt
00:01:54]} Qe1+ {[%clk 00:55:51]} {[%emt 00:00:27]} 24. Kg2 {[%clk 00:46:20]}
{[%emt 00:00:10]} h5 {[%clk 00:55:34]} {[%emt 00:00:33]} 25. Bxh5 {[%clk
00:45:07]} {[%emt 00:01:27]} Bf6 {[%clk 00:54:26]} {[%emt 00:01:24]} 26. Qxb7
{[%clk 00:43:18]} {[%emt 00:02:03]} Re7 {[%clk 00:53:21]} {[%emt 00:01:20]} 27.
Qc8+ {[%clk 00:41:47]} {[%emt 00:01:46]} Kh7 {[%clk 00:53:21]} {[%emt
00:00:15]} 28. Rg4 {[%clk 00:40:00]} {[%emt 00:02:01]} Re2 {[%clk 00:52:30]}
{[%emt 00:01:07]} 29. Qf5+ {[%clk 00:39:25]} {[%emt 00:00:51]} Kh8 {[%clk
00:51:35]} {[%emt 00:01:10]} 30. Bxf7 {[%clk 00:38:56]} {[%emt 00:00:45]} Re5
{[%clk 00:49:46]} {[%emt 00:02:03]} 31. Qc8+ {[%clk 00:37:38]} {[%emt
00:01:33]} Kh7 {[%clk 00:49:16]} {[%emt 00:00:44]} 32. Qg8+ {[%clk 00:37:37]}
{[%emt 00:00:16]} Kh6 {[%clk 00:49:09]} {[%emt 00:00:23]} 33. Qh8# {[%clk
00:37:41]} {[%emt 00:00:10]} 1-0